MARC details
| 000 -CABECERA |
| campo de control de longitud fija |
03375nam a2200313 a 4500 |
| 001 - NÚMERO DE CONTROL |
| campo de control |
BRCA_5192 |
| 005 - FECHA Y HORA DE LA ÚLTIMA TRANSACCIÓN |
| campo de control |
20190320204958.0 |
| 008 - DATOS DE LONGITUD FIJA--INFORMACIÓN GENERAL |
| campo de control de longitud fija |
251110s1736----mx-######v---#000-0#spa-# |
| 041 ## - CÓDIGO DE LENGUA |
| Código de lengua del texto/banda sonora o título independiente |
spa |
| 044 ## - CÓDIGO DEL PAÍS DE LA ENTIDAD EDITORA/PRODUCTORA |
| Código MARC del país |
mx |
| 084 ## - OTRO NÚMERO DE CLASIFICACIÓN |
| Número de clasificación |
DOC126 |
| Número de documento/Ítem |
.M38 |
| -- |
1736 |
| 100 1# - ENTRADA PRINCIPAL--NOMBRE DE PERSONA |
| Nombre de persona |
Mata, Phelipe Antonio de |
| Títulos y otros términos asociados al nombre |
Tesorero |
| 9 (RLIN) |
13294 |
| 245 10 - MENCIÓN DE TÍTULO |
| Título |
Cuenta que presenta Don Phelipe Antonio de Mata |
| Mención de responsabilidad, etc. |
Phelipe Antonio de Mata. |
| 260 ## - PUBLICACIÓN, DISTRIBUCIÓN, ETC. |
| Lugar de publicación, distribución, etc. |
México |
| Fecha de publicación, distribución, etc. |
1736 |
| 300 ## - DESCRIPCIÓN FÍSICA |
| Extensión |
[62] fojas |
| Dimensiones |
32 x 23 cm |
| 500 ## - NOTA GENERAL |
| Nota general |
Documento expedido en 1736 |
| 500 ## - NOTA GENERAL |
| Nota general |
Cuenta que presenta Don Phelipe Antonio de Mata Tesorero Mayordomo de los propios y Rentas de esta Novilísima Ciudad; a los señores de el Cabildo y su distribución desde primero de enero hasta fin de diciembre de 1736 |
| 500 ## - NOTA GENERAL |
| Nota general |
Documento contiene la leyenda DOC. #294 |
| 500 ## - NOTA GENERAL |
| Nota general |
Papel con marca de agua |
| 500 ## - NOTA GENERAL |
| Nota general |
Al margen: SELLOS DEL GOBIERNO ESPAÑOL CON ESCUDOS |
| 500 ## - NOTA GENERAL |
| Nota general |
Estado de conservación: contiene acido, márgenes maltratados |
| 505 0# - NOTA DE CONTENIDO CON FORMATO |
| Nota de contenido con formato |
Contenido: CARGOS de lo cobrado de arrendamiento de cajones, casas y tiendas viejas de Frontera de San Bernardo, de lo producido, las asesorías del Rastro, las dos casas de panadería, de lo cobrado en el Posito, de los réditos de cenzos, de lo cobrado de mercedes de agua, de varias cantidades que han entregado a mi poder, de la renta de las casas y tiendas nuevas de la Monterilla; del pago del Gremio Tocinero, arrendamiento de las tablas que se repartieron en el Rastro Viejo de San Antonio Abad; el 31 de marzo de 1736, del arrendamiento del Rastro Nuevo de la Callejuela; del arrendamiento que paga el fiel contraste de esta ciudad; del arrendamiento de fiel del campo por 900 pesos al año. Resumen General de las Partidas del Cargo; Al final Sumario General del cargo; Advertencia la Plaza Mayor de esta ciudad está adjudicada en arrendamiento a Don Francisco Cameros por nueve años que empezaron a correr desde primero de enero de 1732. -- DATA de lo gastado en cañerías, gastos de lo anterior para gastos de pleitos, de los gastos Ordinarios y Extraordinarios, hechos en todo este año 1736, Resumen y Sumario General de las partidas de Data, Resolución de Cargo y Data. -- Cuenta y relación jurada que dá Don Phelipe Antonio de Mata Tesorero Mayordomo de los propios y Rentas de esta Novelisíma Ciudad, a los señores de el Cabildo, Justicia y Regimiento de ella; de lo procedido de ellas desde primero de enero hasta 31 de diciembre de 1736; incluyéndose en ella, asimismo, lo que redituan las casas y tiendas nuevas de la Monterilla y Callejuela. -- Data de lo que tengo pagado de salarios al Juez, Supereintendente, Corregidor, Regidores y Ministros de esta novelisímima Ciudad de un año cumplido en fin de diciembre de 1736. -- DATA de lo pagado un réditos a los Anzuatarios de un año cumplido en fin de diciembre de 1736; Data de lo pagado de atrasados este año de 1736, data de lo gastado en fiestas, de lo gastado en propinas, cuenta ajustada, glosada y fenecida de 1736, sumario del cargo. |
| 506 0# - NOTA DE RESTRICCIONES AL ACCESO |
| Limitaciones de acceso |
Fondo reservado: para su consulta es necesario credencial de usuario y carta de motivos |
| 546 ## - NOTA DE LENGUA/LENGUAJE |
| Nota de lengua/lenguaje |
Texto en español de principios del siglo XVIII |
| 600 14 - PUNTO DE ACCESO ADICIONAL DE MATERIA--NOMBRE DE PERSONA |
| Nombre de persona |
Mata, Phelipe Antonio de |
| Títulos y otros términos asociados al nombre |
Tesorero |
| 9 (RLIN) |
13294 |
| 650 14 - PUNTO DE ACCESO ADICIONAL DE MATERIA--TÉRMINO DE MATERIA |
| Término de materia o nombre geográfico como elemento de entrada |
Documentos legales |
| Subdivisión de forma |
Manuscrito |
| Subdivisión general |
Historia |
| Subdivisión cronológica |
Colonia, 1521-1821 |
| Subdivisión geográfica |
México |
| 9 (RLIN) |
13295 |
| 902 ## - CATALOGADOR |
| Iniciales |
FDH |
| 942 ## - ELEMENTOS DE PUNTO DE ACCESO ADICIONAL (KOHA) |
| Fuente del sistema de clasificación o colocación |
Library of Congress Classification |
| Tipo de ítem Koha |
Documentos |